Normal view
MARC view
Entry Topical Term
001 - CONTROL NUMBER
- control field: 36950
003 - CONTROL NUMBER IDENTIFIER
- control field: dpl
005 - DATE AND TIME OF LATEST TRANSACTION
- control field: 20111215101957.0
008 - FIXED-LENGTH DATA ELEMENTS
- fixed length control field: 111215|||a|||||| | ||| d
040 ## - CATALOGING SOURCE
- Original cataloging agency: dpl
- Transcribing agency: dpl
150 ## - HEADING--TOPICAL TERM
- Topical term or geographic name as entry element: Home computer networks.
670 ## - SOURCE DATA FOUND
- Source citation: Work cat.: (dpl): 36352 Rusen, Ciprian Adrian., Network your computers & devices step by step / , 2012
670 ## - SOURCE DATA FOUND
- Source citation: Work cat.: (dpl): 36352 Rusen, Ciprian Adrian., Network your computers & devices step by step / , 2012
